| 000 | 00546cam a22002171 4500 | ||
|---|---|---|---|
| 001 | ne 64000923 | ||
| 003 | DLC | ||
| 005 | 20260227111758.0 | ||
| 008 | 890514s1963 tu 000 0 tur | ||
| 010 | _ane 64000923 | ||
| 035 | _a(OCoLC)23544601 | ||
| 040 |
_aDLC _cMiU _dDLC |
||
| 042 | _apremarc | ||
| 043 | _aa-tu--- | ||
| 050 | 0 | 0 |
_aBP183.6 _b.Y3 |
| 100 | 1 | _aYaprak, Tahsin. | |
| 245 | 1 | 0 | _aMekkeʼden, Medineʼden, Ankaraʼdan sesleniş. |
| 260 |
_a[Ankara, _c1963] |
||
| 300 |
_a239 p. _c17 cm. |
||
| 650 | 0 | _aIslamic sermons, Turkish | |
| 999 |
_c46894 _d46894 |
||